01190cam a22002531 4500001001300000003000400013005001700017008004100034010001700075035001900092040004300111042001200154043001200166050002500178110004800203245005500251260004300306300003900349490011200388500013600500500005700636500019500693650004800888l 24000181 DLC20260227111529.0810324s1924 dcu s f001 0 eng c al 24000181  a(OCoLC)7254969 aU.S. Dept. of Labor LibrarycMChBdDLC apremarc an-us---00aHD8051b.A62 no. 3571 aUnited States.bBureau of Labor Statistics.10aCost of living in the United States ... May, 1924. aWashington,bGovt. print. off.,c1924. aiii, 466 p.bincl. tables.c23 cm.0 aBulletin of the United States Bureau of Labor Statistics,vno. 357. Retail prices and cost of living series aAt head of title: U.S. Department of Labor. James J. Davis, secretary. Bureau of Labor Statistics. Ethelbert Stewart, commissioner. aIssued also as House doc. 233, 68th Cong., 1st sess. aResults of an investigation into the cost of livng in 92 industrial centers in the United States, made in 1918-1919. Tables showing changes in cost of living up to December, 1923, are added. 0aCost and standard of livingzUnited States.